El castellano, o El príncipe negro en España : (Record no. 166687)

MARC details
000 -LEADER
campo de control de longitud fija 01788nam a22004095i 4500
001 - NÚMERO DE CONTROL
campo de control 166687
003 - IDENTIFICADOR DE NÚMERO DE CONTROL
campo de control ES-MaACL
005 - FECHA Y HORA DE LA ÚLTIMA TRANSACCIÓN
campo de control 20250801063046.0
008 - DATOS DE LONGITUD FIJA--INFORMACIÓN GENERAL
campo de control de longitud fija 950104s1845 sp a |||| | spa d
040 ## - FUENTE DE CATALOGACIÓN
Centro catalogador/agencia de origen CAT
Lengua de catalogación spa
Centro/agencia transcriptor CAT
Centro/agencia modificador CCPB
043 ## - CÓDIGO DE ÁREA GEOGRÁFICA
Código de área geográfica e-sp
080 #4 - NÚMERO DE LA CLASIFICACIÓN DECIMAL UNIVERSAL
Número de la Clasificación Decimal Universal 821.111-31"18"
080 #4 - NÚMERO DE LA CLASIFICACIÓN DECIMAL UNIVERSAL
Número de la Clasificación Decimal Universal 929 Pedro (460.18) I (0:82)
100 1# - ENTRADA PRINCIPAL--NOMBRE DE PERSONA
Nombre de persona Trueba y Cosío, Telesforo de,
Fechas asociadas al nombre 1799-1835
Término indicativo de función/relación Autor
9 (RLIN) 133398
245 13 - MENCIÓN DEL TÍTULO
Título El castellano, o El príncipe negro en España :
Resto del título novela histórica española /
Mención de responsabilidad, etc. por D. Telesforo de Trueba y Cosío ; traducción libre de D.J.S.S.
260 ## - PUBLICACIÓN, DISTRIBUCIÓN, ETC.
Lugar de publicación, distribución, etc. Barcelona :
Nombre del editor, distribuidor, etc. [s.n.],
Fecha de publicación, distribución, etc. 1845
Fabricante (Imp. de D. Juan Oliveres)
300 ## - DESCRIPCIÓN FÍSICA
Extensión 2 tomos en 1 volumen (234 páginas, [1] hoja de lámina ; 254 páginas, [1] hoja de lámina) ;
Dimensiones 17 cm
490 1# - MENCIÓN DE SERIE
Mención de serie Tesoro de autores ilustres ;
Designación de volumen o secuencia 43-44
500 ## - NOTA GENERAL
Nota general Índice
530 ## - NOTA DISPONIBLE DE FORMULARIO FÍSICO ADICIONAL
Nota de formato físico adicional disponible Disponible en formato digital
594 ## - Nota al título y mención de responsabilidad
Nota al título y mención de responsabilidad J.S.S.: iniciales de José Santiago y Santaella
597 ## - NOTA DE DESCRIPCIÓN FÍSICA
NOTA DE DESCRIPCIÓN FÍSICA Con 10 páginas de propaganda editorial
599 ## - NOTA A LAS ILUSTRACIONES
NOTA A LAS ILUSTRACIONES Láminas: grabados calcográficos
600 04 - PUNTO DE ACCESO ADICIONAL DE MATERIA--NOMBRE DE PERSONA
Nombre de persona Pedro
Numeración I,
Títulos y otros términos asociados al nombre Rey de Castilla-
Subdivisión de forma Novelas
9 (RLIN) 144557
655 #7 - TERMINO DE INDIZACIÓN--GENERO/FORMA
Datos o término principal de género/forma Novelas históricas
Fuente del término tgfbne
9 (RLIN) 226782
700 1# - ENTRADA AGREGADA--NOMBRE PERSONAL
Nombre de persona Santiago y Santaella, José,
Fechas asociadas al nombre m. 1856
Término indicativo de función/relación Traductor
9 (RLIN) 132436
700 1# - ENTRADA AGREGADA--NOMBRE PERSONAL
Nombre de persona Oliveres Gavarró, Juan,
Fechas asociadas al nombre 1812-1891
Término indicativo de función/relación Impresor
9 (RLIN) 130631
740 32 - ENTRADA AGREGADA--TÍTULO RELACIONADO/ANALÍTICO NO CONTROLADO
Título relacionado o analítico no controlado El príncipe negro en España
752 ## - ENTRADA AGREGADA--NOMBRE JERÁRQUICO DEL LUGAR
País o entidad superior España -
Ciudad Barcelona
830 #0 - PUNTO DE ACCESO ADICIONAL DE SERIE-TÍTULO UNIFORME
Título uniforme Tesoro de autores ilustres ,
Designación de volumen o secuencia 43-44
9 (RLIN) 188006
852 4# - LOCALIZACIÓN
Ubicación ES-MaACL
Ubicación en estantería Depósito 2
Número de control de estantería F-2906
Encuadernación Enc. 2 t. en 1 v.
-- Holandesa
856 ## - LOCALIZACIÓN Y ACCESO ELECTRÓNICOS
Identificador Uniforme de Recursos <a href="https://bibliotecadigital.jcyl.es/es/consulta/registro.do?id=20915">https://bibliotecadigital.jcyl.es/es/consulta/registro.do?id=20915</a>
Texto de enlace Versión en línea
Nota pública (Biblioteca Digital de Castilla y León (BDCYL))
942 ## - ELEMENTOS DE ENTRADA SECUNDARIOS (KOHA)
Fuente del sistema de clasificación o colocación Clasificación decimal universal
Tipo de ítem Koha Libro impreso antiguo
Suprimir en OPAC No
Holdings
Estatus retirado Estado de pérdida Estado de daño No para préstamo Colección Biblioteca de origen Biblioteca actual Ubicación en estantería Fecha de adquisición Fuente de adquisición Total de préstamos Signatura topográfica completa Código de barras Visto por última vez Precio de reemplazo Tipo de ítem Koha
        Libros del s. XIX Biblioteca del Ateneo de Madrid Biblioteca del Ateneo de Madrid Depósito 2 17/01/2008     F-2906 1174820 23/02/2023 23/02/2023 Libro impreso antiguo